| 000 | 00634nam a22002175i 4500 | ||
|---|---|---|---|
| 001 | 11678 | ||
| 003 | ES-MaACL | ||
| 005 | 20230906150142.0 | ||
| 007 | t| | ||
| 008 | 950216s1994 sp ||||0| spa j | ||
| 020 | _a84-7982-048-9 | ||
| 040 |
_aM-BN _bspa _cM-BN |
||
| 080 | _a616.9(076.3) | ||
| 100 | 1 |
_aGarcía de la Torre, M. _954455 |
|
| 245 | 1 | 0 |
_aAutotest _b: patología infecciosa / _cM. García de la Torre. |
| 250 | _a2ª ed. | ||
| 260 |
_aMadrid : _bIDEPSA, _cD.L. 1994. |
||
| 300 |
_a209 p ; _c27 cm. |
||
| 650 | 1 | 4 |
_aEnfermedades infecciosas- _vPreguntas y respuestas. _912262 |
| 852 |
_aES-MaACL _jL-19085 _bR.124502 |
||
| 999 |
_c11678 _d11678 |
||